000 00410nam a2200169Ia 4500
008 230524s9999 xx 000 0 und d
020 _a8131800660
082 _bRAJ
100 _a"Rajput, R.K"
245 2 _aA Text Book of Internal Combustion Engine
250 _a2
260 _aNew Delhi
_bLaxmi
_c2012
300 _axviii;904 p.
500 _aQuantity Number: 2
650 _aMechanics
942 _cBK
999 _c52722
_d52722